000 00418nam a22001697a 4500
999 _c251116
_d251116
003 OSt
005 20240930111421.0
008 240930b xxu||||| |||| 00| 0 eng d
020 _a0026432161
040 _cN/A
050 _aRA784.
_b.D89
100 _aDuyff Roberta Larson
245 _aNutrition & Wellness.
260 _bGlencoe Mcgraw-H
_c2000
_aNewYork.
300 _b576 pages:. ill:. col
942 _cBK
_2lcc